CONTEMPORARY STAINED GLASS, A GUIDE TO THE POTENTIAL OF MODERN STAINED GLASS IN ARCHITECTURE (Record no. 857917)

MARC details
000 -LEADER
fixed length control field 00356nam a2200121Ia 4500
008 - FIXED-LENGTH DATA ELEMENTS--GENERAL INFORMATION
fixed length control field 230822s2007 xx 000 0 und d
020 ## - INTERNATIONAL STANDARD BOOK NUMBER
International Standard Book Number 1 85732 437 4
041 ## - LANGUAGE CODE
Language code of text/sound track or separate title eng
100 ## - MAIN ENTRY--PERSONAL NAME
Personal name MOORE A .
245 ## - TITLE STATEMENT
Title CONTEMPORARY STAINED GLASS, A GUIDE TO THE POTENTIAL OF MODERN STAINED GLASS IN ARCHITECTURE
260 ## - PUBLICATION, DISTRIBUTION, ETC.
Name of publisher, distributor, etc. OCTOPUS PUBLISHING
Date of publication, distribution, etc. 2007
300 ## - PHYSICAL DESCRIPTION
Extent 144

No items available.